[Event "BEL FEFB-ch op"]
[Site "Fontaine l'Eveque"]
[Date "2010.05.13"]
[Round "3"]
[White "Barbarossa, Frederic"]
[Black "Tannemaat, Stephane"]
[Result "1/2-1/2"]
[WhiteElo "1583"]
[BlackElo "1869"]
[PlyCount "151"]
[EventDate "2010.05.12"]
[EventType "swiss"]
[EventRounds "7"]
[EventCountry "BEL"]
[SourceTitle "EXT 2019"]
[Source "ChessBase"]
[SourceDate "2018.10.10"]
[SourceVersion "1"]
[SourceVersionDate "2018.10.10"]
[SourceQuality "1"]

1. e4 e6 2. d4 d5 3. exd5 exd5 4. Nc3 Nf6 5. Nf3 Be7 6. Bd3 0-0 7. Bg5 c6 8. Bxf6 Bxf6 9. Qd2 Re8+ 10. Ne2 a5 11. 0-0 Nd7 12. b3 Nf8 13. Rfe1 Ng6 14. c3 Bg4 15. Qc2 Qd7 16. Bxg6 hxg6 17. Qd3 b5 18. Ng3 Qd6 19. Kf1 Be6 20. Qd2 Rec8 21. Ne5 c5 22. Qe2 Bxe5 23. Qxe5 Qxe5 24. Rxe5 cxd4 25. cxd4 Rc2 26. Re2 Rac8 27. h3 b4 28. Ke1 Rc1+ 29. Rxc1 Rxc1+ 30. Kd2 Ra1 31. Ke3 Rc1 32. Kd2 Rc6 33. Re1 Kf8 34. Rc1 Ra6 35. Rc2 Ke7 36. Ke3 Kd6 37. h4 Bd7 38. Ne2 a4 39. Nc1 Bf5 40. Rb2 Rc6 41. Ne2 a3 42. Rd2 Bc8 43. Nf4 Ba6 44. Nd3 Rc3 45. g3 Ke6 46. f3 Kf6 47. Ke2 Rc1 48. Ke3 Rc3 49. Ke2 g5 50. hxg5+ Kxg5 51. Ke3 f5 52. Ke2 Bxd3+ 53. Rxd3 Rc2+ 54. Rd2 Rxd2+ 55. Kxd2 f4 56. gxf4+ Kxf4 57. Ke2 Kg3 58. Ke3 g5 59. Ke2 g4 60. fxg4 Kxg4 61. Ke3 Kg3 62. Ke2 Kf4 63. Kd3 Kf3 64. Kd2 Ke4 65. Ke2 Kxd4 66. Kd2 Ke4 67. Ke2 d4 68. Kd2 d3 69. Kd1 Kd5 70. Kc1 Kd4 71. Kd2 Ke4 72. Kd1 Ke3 73. Ke1 Kf4 74. Kd2 Ke4 75. Kd1 Ke3 76. Ke1 1/2-1/2

[Event "BEL-chT 0809"]
[Site "Belgium"]
[Date "2009.01.18"]
[Round "7.8"]
[White "Tannemaat, Stephane"]
[Black "Bergmans, Norbert"]
[Result "1/2-1/2"]
[WhiteElo "1936"]
[BlackElo "2132"]
[PlyCount "83"]
[EventDate "2008.10.05"]
[EventType "team-tourn"]
[EventRounds "11"]
[EventCountry "BEL"]
[SourceTitle "EXT 2010"]
[Source "ChessBase"]
[SourceDate "2010.11.25"]
[SourceVersion "1"]
[SourceVersionDate "2010.11.25"]
[SourceQuality "1"]
[WhiteTeam "Brussels"]
[BlackTeam "SK Rochade"]
[WhiteTeamCountry "BEL"]
[BlackTeamCountry "BEL"]

1. e4 e6 2. d4 d5 3. Nc3 Nf6 4. e5 Nfd7 5. Nf3 c5 6. dxc5 Nc6 7. Bf4 Bxc5 8. Bg3 a6 9. Bd3 Qc7 10. 0-0 Nb4 11. Re1 b5 12. Bf1 Nb6 13. a3 Nc6 14. Bd3 h6 15. Ne2 Nc4 16. b4 Be7 17. Bxc4 bxc4 18. Ned4 Bd7 19. c3 0-0 20. Nxc6 Qxc6 21. a4 Qb7 22. Nd4 Bd8 23. a5 Bc7 24. Qh5 f5 25. Qg6 Qc8 26. Bf4 Qe8 27. Qxe8 Raxe8 28. h4 Rb8 29. h5 Rb7 30. Re3 Kh7 31. Rg3 Bb8 32. Rg6 Re8 33. Re1 Ba7 34. Be3 Bxd4 35. Bxd4 Rc8 36. Re3 Rc6 37. Rh3 Be8 38. Rgg3 Rb8 39. Rh4 Rb7 40. Rf3 Rf7 41. g3 Rcc7 42. Bb6 1/2-1/2

[Event "BEL-chT 0809"]
[Site "Belgium"]
[Date "2008.10.19"]
[Round "2.7"]
[White "Tannemaat, Stephane"]
[Black "Daels, Marc"]
[Result "0-1"]
[WhiteElo "1936"]
[BlackElo "2235"]
[PlyCount "64"]
[EventDate "2008.10.05"]
[EventType "team-tourn"]
[EventRounds "11"]
[EventCountry "BEL"]
[SourceTitle "CBM 127 Extra"]
[Source "ChessBase"]
[SourceDate "2009.01.08"]
[SourceVersion "2"]
[SourceVersionDate "2009.01.28"]
[SourceQuality "1"]
[WhiteTeam "Brussels"]
[BlackTeam "Bredene"]
[WhiteTeamCountry "BEL"]
[BlackTeamCountry "BEL"]

1. e4 c5 2. Nf3 Nc6 3. Bb5 Nf6 4. Nc3 g6 5. 0-0 Bg7 6. Re1 0-0 7. h3 Ne8 8. d4 Nxd4 9. Nxd4 cxd4 10. Ne2 Qb6 11. Ba4 Nc7 12. c3 e5 13. Bb3 Ne6 14. Bd5 d6 15. a3 Bd7 16. b4 Rac8 17. Bb2 dxc3 18. Nxc3 Kh8 19. Ne2 f5 20. Qb3 fxe4 21. Bxe6 Bxe6 22. Qxe6 Rc2 23. Rac1 Rxb2 24. Rc8 Qxf2+ 25. Kh2 Rd2 26. Qd7 e3 27. Rc7 Rg8 28. Rc8 h5 29. Rxg8+ Kxg8 30. Rc1 Rxe2 31. Rc8+ Kh7 32. Qxb7 Qf4+ 0-1